000 00952nam a2200301 a 4500
001 BRCA_6445
005 20190320205445.0
008 150110s1910----gw-a######---#000-0#ger-#
041 _ager
044 _agw
050 4 _aNE670.R4
_b.R46 3 1910
245 1 0 _aRembrandt
_bdes Meisters Radierungen
_cheraugegeben von Hans Wolfgang Singer.
250 _a2
260 _aStuttgart, Alemania
_bDeutsche Verlags-Anstalt
_c1910
300 _axxvi, 297 p.
_bil.
_c26 cm.
440 0 _aKlassiker der Kunst in gesamtausgaben
_v8
_916097
500 _aIncluye índice de ilustraciones
500 _aEdición con cantos dorados
500 _aEjemplar igual a CDE63
500 _aVer también CDE64
500 _aM46
600 1 4 _aRembrandt, Harmenszoon van Rijn
_d1607-1669
_97357
650 1 4 _aGrabadores holandeses
_97366
650 1 4 _aGrabados holandeses
_916098
700 1 _aSinger, Hans Wolfgang
_eEditor
_97397
902 _aGFM
942 _2lcc
_cB
999 _c6129
_d6129